000 00332nam a2200145Ia 4500
008 210210b1956 xxu||||| |||| 00| 0 eng d
082 _a500 SCIE
100 _a-
245 _aScience news 41.
260 _aAustralia
_bPenguin Books
_c1956
300 _a128
650 _aScience news
690 _aPure Sciences
906 _a029214
999 _c80435
_d80435